Asturias Airport Destinations (Aviles, Spain) - Statistics

General Stats
  • This quiz has been taken 197 times
    79 since last reset
  • The average score is 20 of 29
Answer Stats
Airline Destination % Correct
Iberia Madrid
100%
Vueling Paris (Orly)
96%
Volotea/Vueling Barcelona
94%
Volotea/Vueling Seville
90%
Vueling London (Gatwick)
86%
Volotea Valencia
86%
Binter Canarias/Iberia/Volotea/Vueling Gran Canaria
82%
Volotea Alicante
80%
Lufthansa Frankfurt
80%
Volotea Málaga
80%
Iberia/Volotea/Vueling Palma de Mallorca
80%
Ryanair Rome (Fiumicino)
80%
Binter Canarias/Iberia/Vueling Tenerife (North)
80%
Volotea Tenerife (South)
80%
Volotea Lisbon
78%
Lufthansa Munich
74%
Volotea/Vueling Ibiza
72%
Volotea Menorca
70%
Volotea Lanzarote
66%
Vueling Amsterdam
62%
Volotea Fuerteventura
62%
Volotea Murcia
50%
Volotea Venice
50%
Volotea Bergamo
46%
Volotea Granada
40%
Ryanair Charleroi
34%
Iberia Melilla
32%
Ryanair Weeze
26%
Volotea Castellón
24%
No matching quizzes found
Score Distribution
Percent of People with Each Score
Percentile by Number Answered
Your Score History
You have not taken this quiz since the last reset